Joueurs français passés par West Ham United - Statistiques

Statistiques générales
  • Ce quiz a été pris 60 fois
    18 depuis la dernière actualisation
  • Le résultat moyen est 5 sur 27
Statistiques - réponses
Années Matchs Nom % Correct
2021- 100 Alphonse Areola
100%
2021-2025 103 Kurt Zouma
78%
2015-2017 60 Dimitri Payet
56%
2024- 29 Jean-Clair Todibo
56%
2019 6 Samir Nasri
50%
2018-2022 121 Issa Diop
44%
2018 5 Patrice Evra
44%
2007-2012 121 Julien Faubert
28%
2012-2013 14 Alou Diarra
17%
2014-2015 32 Morgan Amalfitano
17%
1997-1998 14 Bernard Lama
11%
2005-2006 10 David Bellion
6%
2002-2003 28 Edouard Cissé
6%
2010-2012 62 Frédéric Piquionne
6%
2005-2006 8 Jérémie Aliadière
6%
2024- 0 Mohamadou Kanté
6%
2021-2023 0 Pierre Ekwah
6%
2005 0 Sekou Baradji
6%
2000-2001 4 Christian Bassila
0%
1997 1 David Terrier
0%
2001-2003 8 Laurent Courtois
0%
1998-2001 55 Marc Keller
0%
1998 0 Mohammed Berthé
0%
1997-1998 30 Samassi Abou
0%
2004 1 Sébastien Carole
0%
2001-2003 73 Sébastien Schemmel
0%
2002-2005 2 Youssef Sofiane
0%
Aucun quiz correspondant
Distribution des résultats
% des personnes avec chaque résultat
Percentile par nombre de réponses
Votre historique - résultats
Vous n’avez pas pris ce quiz depuis la dernière actualisation